MARC details
| 000 -BAŞLIK |
| Sabit Uzunlukta Kontrol Alanı |
01719na a2200433 4500 |
| 001 - KONTROL NUMARASI |
| Denetim Alanı |
19741 |
| 003 - KONTROL NUMARASI IDENTIFIER |
| Denetim Alanı |
MIRAKIL |
| 005 - SON İŞLEM TARİHİ VE ZAMANI |
| Denetim Alanı |
20181213155126.0 |
| 008 - SABİT-BOY VERİ ELEMANLARI - GENEL BİLGİLER |
| Sabit Uzunlukta Kontrol Alanı |
161226b tu 000 0 |
| 035 ## - SİSTEM KONTROL NUMARASI |
| Sistem Kontrol Numarası |
19741 |
| 040 ## - KATALOGLAMA KAYNAK |
| Orijinal Kataloglama Ajansı |
Milas |
| Kataloglama Dili |
tur |
| Metne Dönüştürmek Ajansı |
TR-AnCHP |
| 041 ## - DİL KODU |
| Metin / Ses Parça Veya Ayrı Başlığın Dil Kodu |
tur |
| 082 ## - DEWEY ONLU SINIFLANDIRMA NUMARASI |
| Sınıflandırma Numarası |
CHP 324.2372 |
| Ürün Numarası |
K44y 2015 |
| 090 ## - SINIFLAMA NUMARASI |
| Sınıflama Numarası |
BROŞÜR 172 |
| 100 ## - ANA GİRİŞ - KİŞİSEL İSİM |
| Kişisel Ad |
Kılıçdaroğlu, Kemal |
| Bir Adıyla İlişkilendirilen Başlıklar Ve Kelimeler |
CHP Genel Başkanı |
| 240 ## - ÜNİFORM BAŞLIK |
| Üniforma Başlık |
<a href="Yaşanacak bir Türkiye">Yaşanacak bir Türkiye</a> |
| Bir İşin Tarihi |
2015 |
| 245 ## - BAŞLIK TABLOSU |
| Başlık |
Yaşanacak bir Türkiye |
| Başlığın Kalan |
esnafın sorunlarını sıfırlıyoruz |
| Sorumluluk Tablosu, Vb |
[Kemal Kılıçdaroğlu] |
| 246 ## - UNVAN FORM VARYING |
| Başlık Doğru / Kısa Başlığı |
Esnafın sorunlarını sıfırlıyoruz |
| 260 ## - YAYIN, DAĞITIM, VB |
| Yayın, Dağıtım, Vb Yeri |
Ankara |
| Yayıncı, Dağıtıcı, Vs Adı |
CHP |
| Yayın, Dağıtım, Vb Tarihi |
2015 |
| 300 ## - FİZİKSEL TANIM |
| Kapsam |
ktl. broşür |
| Diğer Fiziksel Ayrıntıları |
rnkl. fotg. |
| Boyutlar |
20 sm. |
| 440 ## - SERİSİ TABLOSU / KATMA GİRİŞİ - BAŞLIK |
| Başlık |
Cumhuriyet Halk Partisi yayınları |
| Bir İşin Parçası / Bölümün İsmi |
Yaşanacak bir Türkiye dizisi |
| 500 ## - GENEL NOT |
| Genel Not |
Başka yapıt adı: Gelin oy verin sıfırlayalım |
| 600 ## - KONU KATMA GİRİŞ - KURUMSAL ADI |
| Kişisel Ad |
Kılıçdaroğlu, Kemal |
| Genel Alt Bölümü |
Propaganda ve ideolojiler |
| Kronolojik Alt Bölümü |
Esnaf politikası |
| 600 ## - KONU KATMA GİRİŞ - KURUMSAL ADI |
| Kişisel Ad |
Kılıçdaroğlu, Kemal |
| Başlıklar Ve Bir Adla İlişkili Diğer Kelimeler |
CHP Genel Başkanı |
| Genel Alt Bölümü |
Seçim kampanyaları, 2015 |
| Kronolojik Alt Bölümü |
Esnaflar |
| 610 ## - KONU KATMA GİRİŞ - TOPLANTI ADI |
| Giriş Elemanı Olarak Kurumsal Ad Veya Yargı Alanı Adı |
CHP |
| Genel Alt Bölüm |
Esnaf sorunları |
| Kronolojik Alt Bölüm |
Çözüm önerileri |
| 610 ## - KONU KATMA GİRİŞ - TOPLANTI ADI |
| Giriş Elemanı Olarak Kurumsal Ad Veya Yargı Alanı Adı |
CHP |
| Genel Alt Bölüm |
Seçim kampanyaları, 2015 |
| Kronolojik Alt Bölüm |
Esnaf politikası |
| 610 ## - KONU KATMA GİRİŞ - TOPLANTI ADI |
| Giriş Elemanı Olarak Kurumsal Ad Veya Yargı Alanı Adı |
CHP |
| Genel Alt Bölüm |
Propaganda ve ideolojiler |
| Kronolojik Alt Bölüm |
Kılıçdaroğlu dönemi |
| -- |
Genel seçimler, 2015 |
| 651 ## - KONU KATMA GİRİŞ - COĞRAFİ ADI |
| Coğrafi İsim |
Türkiye |
| Genel Alt Bölümü |
Siyaset ve yönetim |
| Kronolojik Alt Bölümü |
2015- |
| 740 ## - KATMA GİRİŞ - KONTROLSUZ İLGİLİ / ANALİTİK BAŞLIK |
| Kontrol Edilmeyen / İlgili Analitik Başlıktaki |
Esnafın sorunlarını sıfırlıyoruz |
| 830 ## - SERİSİ EKLENDİ GİRİŞ - ÜNİFORM ADI |
| Üniforma Başlık |
Yaşanacak bir Türkiye dizisi |
| 830 ## - SERİSİ EKLENDİ GİRİŞ - ÜNİFORM ADI |
| Üniforma Başlık |
CHP broşürleri |
| 942 ## - EKLENDİ GİRİŞ ELEMANLARI (KOHA) |
| Sınıflandırma Veya Raf Düzeni Kaynak |
Dewey Decimal Classification |
| Koha Öğesi Türü |
Books |
| 999 ## - SİSTEM KONTROL NUMARALARI (KOHA) |
| Koha Biblionumber |
7044 |
| Koha Biblioitemnumber |
7044 |
| 657 ## - INDEX SÜRE - İŞLEVİ |
| -- |
CHP çalışan kadın politikası |
| 657 ## - INDEX SÜRE - İŞLEVİ |
| -- |
Yaşanacak bir Türkiye kampanyası |
| 657 ## - INDEX SÜRE - İŞLEVİ |
| -- |
CHP seçim propagandaları |
| 657 ## - INDEX SÜRE - İŞLEVİ |
| -- |
CHP seçim kampanyaları |
| 657 ## - INDEX SÜRE - İŞLEVİ |
| -- |
Gelin oy verin sıfırlayalım kampanyası |